Miller and Freund's Probability and statistics for engineers / (Record no. 4086)

MARC details
000 -LEADER
fixed length control field 01125nac a22003131i 4500
003 - CONTROL NUMBER IDENTIFIER
control field EG-ScBUE
005 - DATE AND TIME OF LATEST TRANSACTION
control field 20241109093055.0
008 - FIXED-LENGTH DATA ELEMENTS--GENERAL INFORMATION
fixed length control field 241109t1994 njua f 001 0 eng d
020 ## - INTERNATIONAL STANDARD BOOK NUMBER
International Standard Book Number 0137214081
040 ## - CATALOGING SOURCE
Original cataloging agency EG-ScBUE
Language of cataloging eng
Description conventions rda
Transcribing agency EG-ScBUE
Modifying agency EG-ScBUE
082 04 - DEWEY DECIMAL CLASSIFICATION NUMBER
Classification number 519.202462
Item number JOH
Edition number 22
100 1# - MAIN ENTRY--PERSONAL NAME
Personal name Johnson, Richard A.
Fuller form of name (Richard Arnold),
Dates associated with a name 1937-
Relator term author.
245 10 - TITLE STATEMENT
Title Miller and Freund's Probability and statistics for engineers /
Statement of responsibility, etc Richard A. Johnson, University of Wisconsin-Madison.
250 ## - EDITION STATEMENT
Edition statement Fifth edition.
264 #1 - PUBLICATION, DISTRIBUTION, ETC. (IMPRINT)
Place of publication, distribution, etc Englewood Cliffs, N.J. :
Name of publisher, distributor, etc Prentice Hall,
Date of publication, distribution, etc [1994]
264 #4 - PUBLICATION, DISTRIBUTION, ETC. (IMPRINT)
Date of publication, distribution, etc c1994
300 ## - PHYSICAL DESCRIPTION
Extent x, 630 pages :
Other physical details illustrations ;
Dimensions 25 cm
336 ## - CONTENT TYPE
Source rdacontent
Content type term text
Content type code txt
337 ## - MEDIA TYPE
Media type term unmediated
Source rdamedia
Media type code n
338 ## - CARRIER TYPE
Carrier type term volume
Carrier type code nc
Source rdacarrier
500 ## - GENERAL NOTE
General note New ed. of: Probability and statistics for engineers. 4th ed. 1990.
500 ## - GENERAL NOTE
General note Includes index.
600 17 - SUBJECT ADDED ENTRY--PERSONAL NAME
Personal name Freund, John E.
Source of heading or term BUEsh
600 17 - SUBJECT ADDED ENTRY--PERSONAL NAME
Personal name Miller, Irwin,
Dates associated with a name 1928-
Source of heading or term BUEsh
650 #7 - SUBJECT ADDED ENTRY--TOPICAL TERM
Topical term or geographic name as entry element Engineering
General subdivision Statistical methods.
Source of heading or term BUEsh
650 #7 - SUBJECT ADDED ENTRY--TOPICAL TERM
Topical term or geographic name as entry element Probabilities.
Source of heading or term BUEsh
655 ## - INDEX TERM--GENRE/FORM
Form subdivision Reading book
942 ## - ADDED ENTRY ELEMENTS (KOHA)
Koha item type Book - Borrowing
Source of classification or shelving scheme Dewey Decimal Classification
Holdings
Withdrawn status Lost status Source of classification or shelving scheme Materials specified (bound volume or other part) Damaged status Not for loan Collection code Home library Current library Shelving location Date acquired Source of acquisition Total Checkouts Full call number Barcode Date last seen Date checked out Price effective from Koha item type Total Renewals
    Dewey Decimal Classification Lost In Inventory_2015-8-23     Alahram Central Library Central Library First floor 20/08/2007 Purchase 1 519.202462 JOH 000000004 04/12/2023 24/02/2009 20/08/2007 Book - Borrowing  
    Dewey Decimal Classification       Alahram Central Library Central Library First floor 20/08/2007 Purchase 4 519.202462 JOH 000005239 15/07/2025 25/10/2018 05/09/2007 Book - Borrowing 46